La travesía : una novela de 1896 /

Zapisane w:
Opis bibliograficzny
1. autor: Hayden, Sterling (autor)
Format: Książka
Język:hiszpański
Wydane: México : Lasser Press, 1979, c1979
Hasła przedmiotowe:
Etykiety: Dodaj etykietę
Nie ma etykietki, Dołącz pierwszą etykiete!

MARC

LEADER 00000nam^a2200000^a^4500
001 000380790
005 20250521000000.0
009 20260310120619.935
020 |a 968-7063-55-6 
037 |a Acervo ITESO - Biblioteca 
041 |a ESP 
082 |a 813.  |b HAY 
100 |a Hayden, Sterling  |e (autor) 
245 1 3 |a La travesía :  |b una novela de 1896 /  |c S. Hayden ; tr. por Lorna Trejo Corry. 
264 4 |a México :  |b Lasser Press,  |c 1979, c1979 
300 |a 570 p. 
336 |a texto  |b txt  |2 rdacontenido 
337 |a sin mediación  |b n  |2 rdamedio 
338 |a volumen  |b nc  |2 rdasoporte 
500 |a Traducción de: Voyage: A Novel of 1896 
649 |a XX 
650 |a Novela Histórica -  |z EUA 
650 |a Novela Norteamericana 
650 |a Literatura e Historia -  |z EUA 
650 |a Literatura Norteamericana -  |y Siglo XX 
650 |a Viajes Marítimos 
650 |a Viajes y Travesías 
650 |a EUA -  |x Historia -  |y Reconstrucción, 1865-1901 
650 |a EUA -  |x Historia -  |y Siglo XIX 
910 |a Fondo General 
920 |a Impresos - Libros 
930 |a Colección General 
940 |a Literatura 
905 |a 101 
901 |a 0500275487  |b IT1  |c LIT  |i D72666  |u 20250521 
902 |a https://opac.biblio.iteso.mx/vufind/Record/000380790